01148nab a22002537a 4500003000400000005001700004008004100021040000700062100002300069245012400092260007200216300001500288500003900303505014900342505008900491650002000580650002400600650002700624650002500651650002400676650003900700700002200739773013300761OSt20260114133811.0190605e xxu||||| |||| 00| 0 spa d cPJ aAnello, Florencia 10a¿Es posible determinar el plazo de prescripción de los accidentes de trabajo? /cFlorencia Anello, Alberto Mansilla. aCiudad Autónoma de Buenos Aires :bThomson Reuters La Ley,c2024. ap. 199-202 aCita: TR LALEY AR/DOC/1435/2024.  aSumario: I. Introducción.— II. Plazo bianual y caducidad.— III. ¿Cómo podríamos interpretar la prescripción en el derecho laboral?  t¿Te interesa el texto completo? Solicitalo al correo: koha@justierradelfuego.gov.ar 0aDERECHO LABORAL 0aRIESGOS DEL TRABAJO 0aENFERMEDAD PROFESIONAL 0aCOMISIONES MÉDICAS 0aINCAPACIDAD LABORAL 0aASEGURADOR POR RIESGOS DEL TRABAJO aMansilla, Alberto0 02711dCiudad Autónoma de Buenos Aires : Thomson Reuters La Ley, 1999-2002.tRevista de derecho del trabajo. Nº 4 - Julio 2024